000 00717nam a2200241Ia 4500
001 dia_3014
003 CHAP
005 20230310111013.0
008 220117s1972 xx 000 0 und d
010 _a173519
040 _cCHAP
082 _a658.54 T4Y
100 _aThierauf, Robert J
_9112779
245 _aToma de Decisiones por Medio de Investigación de Operaciones /
_c por R.J. Thierauf y Richard A. Brosse
260 _aMéxico, Limusa
_c1972
300 _a560P.
650 _a1.Operaciones
_xinvestigación
_9153889
650 _aToma de decisiones
_9113662
901 _a658.54 T4Y
902 _aM
905 _a0000001972 MEXX 0000000000ESP00
942 _cLIBRO
_2ddc
999 _c173519
_d173519